Vấn đề giáo dục thẩm mỹ cho sinh viên trường Đại học Sư phạm, ĐHĐN

Na minha lista:
Detalhes bibliográficos
Autor principal: Nguyễn Khắc Sính (Chủ nhiệm đề tài)
Formato: Livro
Publicado em: 2002
Tags: Adicionar Tag
Sem tags, seja o primeiro a adicionar uma tag!
Thư viện lưu trữ: Mạng thư viện Đại học Đà Nẵng
LEADER 00720nam a2200229 4500
001 000020435
003 16881
005 20150318140358.0
008 150318s2002 sd
100 1 |a Nguyễn Khắc Sính  |e Chủ nhiệm đề tài 
245 1 0 |a Vấn đề giáo dục thẩm mỹ cho sinh viên trường Đại học Sư phạm, ĐHĐN  |c Nguyễn Khắc Sính 
260 |c 2002 
500 |a Đề tài NCKH cấp Bộ . Mã số : B2002-16-16 
OWN |a LSP 
999 |a From the UDN01 
TYP |a Mixed Materials 
TYP |a Monograph 
TYP |a Printed language 
980 |a Mạng thư viện Đại học Đà Nẵng